Dane a cenné papiere
Pojem cenného papiera. Cenné papiere a daň z príjmov. Predmet dane. Základ dane a zdaňovanie príjmov. Dlhopisy z II. vlny kupónovej privatizácie a daň z príjmov. Podanie daňového priznania. Cenné papiere a DPH. Dlhopis FNM a DPH. Daň z dedičstva. Ilustračné príklady.
Salvato in:
| Autore principale: | |
|---|---|
| Natura: | Capitolo di libro |
| Lingua: | slovacco |
| Soggetti: | |
| Tags: |
Nessun Tag, puoi essere il primo ad aggiungerne!!
|
MARC
| LEADER | 00000naa a2200000 4500 | ||
|---|---|---|---|
| 001 | r032504 | ||
| 005 | 20230919081252.2 | ||
| 041 | 0 | |a slo | |
| 044 | |a SK | ||
| 245 | 1 | 0 | |a Dane a cenné papiere |c Daniel Jánoš |
| 520 | |a Pojem cenného papiera. Cenné papiere a daň z príjmov. Predmet dane. Základ dane a zdaňovanie príjmov. Dlhopisy z II. vlny kupónovej privatizácie a daň z príjmov. Podanie daňového priznania. Cenné papiere a DPH. Dlhopis FNM a DPH. Daň z dedičstva. Ilustračné príklady. | ||
| 610 | 2 | 0 | |a papiere cenné |
| 610 | 2 | 0 | |a dane |
| 610 | 2 | 0 | |a dane z príjmov |
| 610 | 2 | 0 | |a dane z hodnoty pridanej |
| 610 | 2 | 0 | |a dane z dedičstva |
| 610 | 2 | 0 | |a dane z darovania |
| 610 | 2 | 0 | |a dlhopisy |
| 610 | 2 | 0 | |a zdaňovanie |
| 100 | 1 | |a Jánoš, Daniel | |